000 00612 a2200193 4500
020 _c195.00
035 _aB-119757
037 _bRP-PR-240 / PANSY-05-06:11 / RP-05-06:ENG
082 1 4 _a510
090 _c3207
_d3207
100 1 _aBali, N.P.
245 1 _aA text book of engineering mathematics for B.Tech. I year
_cby N.P.Bali, Manish Goyal
250 _a3rd ed.
260 _aNew Delhi
_bLaxmi Publications
_c2006
300 _a491 p
_c24 cm (pbk)
700 _aGoyal, Manish
942 _adpl
_cEN
_k510 / BAL
999 _c3145
_d3145